| 000 | 00393 a2200157 4500 | ||
|---|---|---|---|
| 001 | 75183 | ||
| 020 | _a9788537001400 | ||
| 040 | _cAnchieta - Colégio São Paulo | ||
| 100 | _aLavoisier, Antoine-Laurent | ||
| 240 | 1 | 0 |
_aTratado elementar de Química _lpor |
| 245 | 1 | 0 | _aTratado elementar de Química |
| 300 | _a399 | ||
| 362 | 0 | _a2007 | |
| 650 | 4 | _aQuímica e ciências afins | |
| 942 | _cBK | ||
| 999 |
_c75183 _d75183 |
||